Physiology highlights:volume I/ (Record no. 116801)
[ view plain ]
| 000 -LEADER | |
|---|---|
| fixed length control field | 00480nam a22001697a 4500 |
| 008 - FIXED-LENGTH DATA ELEMENTS--GENERAL INFORMATION | |
| fixed length control field | 240911b |||||||| |||| 00| 0 eng d |
| 020 ## - INTERNATIONAL STANDARD BOOK NUMBER | |
| International Standard Book Number | 9789937140713 |
| 082 ## - DEWEY DECIMAL CLASSIFICATION NUMBER | |
| Edition number | 23rd. |
| Classification number | 612/N351p |
| 100 ## - MAIN ENTRY--PERSONAL NAME | |
| Personal name | Nepal, Ojashwi |
| 245 ## - TITLE STATEMENT | |
| Title | Physiology highlights:volume I/ |
| Statement of responsibility, etc. | Ojashwi Nepal, Reena Jha and Bibek Koju. |
| 260 ## - PUBLICATION, DISTRIBUTION, ETC. | |
| Place of publication, distribution, etc. | Dhulikhel: |
| Name of publisher, distributor, etc. | Ojashwi Nepal, |
| Date of publication, distribution, etc. | 2080BS. |
| 300 ## - PHYSICAL DESCRIPTION | |
| Extent | 264p. |
| 650 ## - SUBJECT ADDED ENTRY--TOPICAL TERM | |
| Topical term or geographic name entry element | Human Psysiology |
| 700 ## - ADDED ENTRY--PERSONAL NAME | |
| Personal name | Reena Jha |
| 700 ## - ADDED ENTRY--PERSONAL NAME | |
| Personal name | Bibek Koju |
| 942 ## - ADDED ENTRY ELEMENTS (KOHA) | |
| Source of classification or shelving scheme | Dewey Decimal Classification |
| Koha item type | ISBN |
| Withdrawn status | Lost status | Source of classification or shelving scheme | Damaged status | Not for loan | Home library | Current library | Date acquired | Total Checkouts | Full call number | Barcode | Date last seen | Price effective from | Koha item type |
|---|---|---|---|---|---|---|---|---|---|---|---|---|---|
| Dewey Decimal Classification | Tribhuvan University Central Library | Tribhuvan University Central Library | 09/11/2024 | 612/N351p | IS29044 | 09/11/2024 | 09/11/2024 | ISBN | |||||
| Dewey Decimal Classification | Tribhuvan University Central Library | Tribhuvan University Central Library | 09/11/2024 | 612/N351p | IS29045 | 09/11/2024 | 09/11/2024 | ISBN |
